| 000 | 00683nam a2200181 u 4500 | ||
|---|---|---|---|
| 001 | 000797537 | ||
| 003 | AM-YEHGA | ||
| 005 | 20250617164312.0 | ||
| 008 | 110321s1962 ||||||||||||||||||||rus|c | ||
| 040 | _aAM-YeHGA | ||
| 041 | 0 | _arus | |
| 245 | 0 | 0 |
_aКормовые бобы : _bСборник статей / _cМ. М. Антонова. |
| 260 |
_aМосква : _bИздательство сельскохозяйственной литературы, журналов и плакатов, _c1962. |
||
| 300 |
_a319 с. : _bрис. ; _c21 см. |
||
| 650 | 1 | 4 |
_aБобовые культуры _vСборник |
| 700 | 1 |
_aАнтонова, М.М. _eред. _4edt |
|
| 090 | _c525115 | ||
| 999 |
_c521534 _d521534 |
||